<?xml version="1.0" encoding="UTF-8"?>
<collection xmlns="http://www.loc.gov/MARC21/slim">
 <record>
  <leader>01864nam a22002417a 4500</leader>
  <controlfield tag="001">NCT_90642</controlfield>
  <controlfield tag="008">210623b        xxu||||| |||| 00| 0 vie d</controlfield>
  <datafield tag="999" ind1=" " ind2=" ">
   <subfield code="c">4471</subfield>
   <subfield code="d">4471</subfield>
  </datafield>
  <datafield tag="020" ind1=" " ind2=" ">
   <subfield code="a">9786049276903</subfield>
   <subfield code="c">78000</subfield>
  </datafield>
  <datafield tag="082" ind1="0" ind2="4">
   <subfield code="2">23rd ed.</subfield>
   <subfield code="a">658.8007</subfield>
   <subfield code="b">Đ108</subfield>
  </datafield>
  <datafield tag="100" ind1="1" ind2=" ">
   <subfield code="a">Trần Minh Đạo</subfield>
   <subfield code="e">Chủ biên</subfield>
  </datafield>
  <datafield tag="245" ind1="1" ind2="0">
   <subfield code="a">Giáo trinh marketing căn bản</subfield>
   <subfield code="c">Trần Minh Đạo (chủ biên)</subfield>
  </datafield>
  <datafield tag="260" ind1=" " ind2=" ">
   <subfield code="a">H.</subfield>
   <subfield code="b">Đại học kinh tế quốc dân</subfield>
   <subfield code="c">2013</subfield>
  </datafield>
  <datafield tag="300" ind1=" " ind2=" ">
   <subfield code="a">619 tr.</subfield>
   <subfield code="b">minh họa</subfield>
   <subfield code="c">24cm</subfield>
  </datafield>
  <datafield tag="520" ind1="3" ind2=" ">
   <subfield code="a">Sách giới thiệu tổng quan về marketing và quản trị marketing nhằm giúp người học tìm hiểu bản chất của marketing. Cách thức các chủ thể làm marketing xây dựng hệ thống thông tin marketing và tiến trình thực hiện một cuộc nghiên cứu marketing. Giới thiệu các đặc điểm hành vi của hai loại khách hàng điển hình,....</subfield>
  </datafield>
  <datafield tag="653" ind1=" " ind2=" ">
   <subfield code="a">Quản trị kinh doanh</subfield>
  </datafield>
  <datafield tag="942" ind1=" " ind2=" ">
   <subfield code="2">ddc</subfield>
   <subfield code="c">BK</subfield>
  </datafield>
  <datafield tag="952" ind1=" " ind2=" ">
   <subfield code="0">0</subfield>
   <subfield code="1">0</subfield>
   <subfield code="2">ddc</subfield>
   <subfield code="4">0</subfield>
   <subfield code="6">658_800700000000000_Đ108</subfield>
   <subfield code="7">0</subfield>
   <subfield code="9">21420</subfield>
   <subfield code="a">000001</subfield>
   <subfield code="b">000001</subfield>
   <subfield code="d">2021-06-23</subfield>
   <subfield code="o">658.8007 Đ108</subfield>
   <subfield code="p">MD.18696</subfield>
   <subfield code="r">2021-06-23</subfield>
   <subfield code="v">78000.00</subfield>
   <subfield code="w">2021-06-23</subfield>
   <subfield code="y">BK</subfield>
  </datafield>
  <datafield tag="952" ind1=" " ind2=" ">
   <subfield code="0">0</subfield>
   <subfield code="1">0</subfield>
   <subfield code="2">ddc</subfield>
   <subfield code="4">0</subfield>
   <subfield code="6">658_800700000000000_Đ108</subfield>
   <subfield code="7">0</subfield>
   <subfield code="9">21421</subfield>
   <subfield code="a">000001</subfield>
   <subfield code="b">000001</subfield>
   <subfield code="d">2021-06-23</subfield>
   <subfield code="o">658.8007 Đ108</subfield>
   <subfield code="p">MD.18697</subfield>
   <subfield code="r">2021-06-23</subfield>
   <subfield code="v">78000.00</subfield>
   <subfield code="w">2021-06-23</subfield>
   <subfield code="y">BK</subfield>
  </datafield>
  <datafield tag="952" ind1=" " ind2=" ">
   <subfield code="0">0</subfield>
   <subfield code="1">0</subfield>
   <subfield code="2">ddc</subfield>
   <subfield code="4">0</subfield>
   <subfield code="6">658_800700000000000_Đ108</subfield>
   <subfield code="7">0</subfield>
   <subfield code="9">21422</subfield>
   <subfield code="a">000001</subfield>
   <subfield code="b">000001</subfield>
   <subfield code="d">2021-06-23</subfield>
   <subfield code="o">658.8007 Đ108</subfield>
   <subfield code="p">MD.18698</subfield>
   <subfield code="r">2021-06-23</subfield>
   <subfield code="v">78000.00</subfield>
   <subfield code="w">2021-06-23</subfield>
   <subfield code="y">BK</subfield>
  </datafield>
  <datafield tag="952" ind1=" " ind2=" ">
   <subfield code="0">0</subfield>
   <subfield code="1">0</subfield>
   <subfield code="2">ddc</subfield>
   <subfield code="4">0</subfield>
   <subfield code="6">658_800700000000000_Đ108</subfield>
   <subfield code="7">0</subfield>
   <subfield code="9">21423</subfield>
   <subfield code="a">000001</subfield>
   <subfield code="b">000001</subfield>
   <subfield code="d">2021-06-23</subfield>
   <subfield code="o">658.8007 Đ108</subfield>
   <subfield code="p">MD.18699</subfield>
   <subfield code="r">2021-06-23</subfield>
   <subfield code="v">78000.00</subfield>
   <subfield code="w">2021-06-23</subfield>
   <subfield code="y">BK</subfield>
  </datafield>
  <datafield tag="952" ind1=" " ind2=" ">
   <subfield code="0">0</subfield>
   <subfield code="1">0</subfield>
   <subfield code="2">ddc</subfield>
   <subfield code="4">0</subfield>
   <subfield code="6">658_800700000000000_Đ108</subfield>
   <subfield code="7">0</subfield>
   <subfield code="9">21424</subfield>
   <subfield code="a">000001</subfield>
   <subfield code="b">000001</subfield>
   <subfield code="d">2021-06-23</subfield>
   <subfield code="o">658.8007 Đ108</subfield>
   <subfield code="p">MD.18700</subfield>
   <subfield code="r">2021-06-23</subfield>
   <subfield code="v">78000.00</subfield>
   <subfield code="w">2021-06-23</subfield>
   <subfield code="y">BK</subfield>
  </datafield>
  <datafield tag="980" ind1=" " ind2=" ">
   <subfield code="a">Thư viện Trường Đại học Nam Cần Thơ</subfield>
  </datafield>
 </record>
</collection>
